Normal view
MARC view
- Öğrenciler
Entry Topical Term
001 - CONTROL NUMBER
- control field: 150013
003 - CONTROL NUMBER IDENTIFIER
- control field: TR-AnTOB
005 - DATE AND TIME OF LATEST TRANSACTION
- control field: 20250910110359.0
008 - FIXED-LENGTH DATA ELEMENTS
- fixed length control field: 250910n|eazannbab| |n aaa d
040 ## - CATALOGING SOURCE
- Original cataloging agency: TR-AnTOB
150 #7 - HEADING--TOPICAL TERM
- Topical term or geographic name entry element: Öğrenciler
- Geographic subdivision: Türkiye
- General subdivision: Siyasi faaliyet
450 ## - SEE FROM TRACING--TOPICAL TERM
- Topical term or geographic name entry element: Students
- Geographic subdivision: Turkey
- General subdivision: Political activity



